Income-tax (Record no. 5702)

MARC details
000 -LEADER
fixed length control field 00523cam a2200217ua 4500
001 - CONTROL NUMBER
control field 6558
005 - DATE AND TIME OF LATEST TRANSACTION
control field 20260515114052.0
008 - FIXED-LENGTH DATA ELEMENTS--GENERAL INFORMATION
fixed length control field 140703n ii |||gr||||Z||||||eng
020 ## - INTERNATIONAL STANDARD BOOK NUMBER
International Standard Book Number 81-272-2108-2
040 ## - CATALOGING SOURCE
Transcribing agency MAIN
082 ## - DEWEY DECIMAL CLASSIFICATION NUMBER
Classification number 336.24
245 ## - TITLE STATEMENT
Title Income-tax
Statement of responsibility, etc. By V.P. Gaur
250 ## - EDITION STATEMENT
Edition statement 33rd ed.
260 ## - PUBLICATION, DISTRIBUTION, ETC.
Place of publication, distribution, etc. Ludhiana:
Name of publisher, distributor, etc. Kalyani publishers,
Date of publication, distribution, etc. 2005.
300 ## - PHYSICAL DESCRIPTION
Extent xiv,2/21p.
653 ## - INDEX TERM--UNCONTROLLED
Uncontrolled term Public finance
653 ## - INDEX TERM--UNCONTROLLED
Uncontrolled term Income-tax
700 ## - ADDED ENTRY--PERSONAL NAME
Personal name Gaur,V.P.,
Relator term Author.,
700 ## - ADDED ENTRY--PERSONAL NAME
Personal name Narang,D.B.,
Relator term Author.
942 ## - ADDED ENTRY ELEMENTS (KOHA)
Koha item type Books
Holdings
Withdrawn status Lost status Damaged status Not for loan Home library Current library Shelving location Date acquired Total checkouts Full call number Barcode Date last seen Date last checked out Copy number Price effective from Koha item type
        Naharkatiya College Library Naharkatiya College Library General stacks 09/19/2020 1 336.24 | GAU 16285 01/29/2024 01/18/2024 1 09/19/2020 Books